| 000 | 00960nam a2200205Ia 4500 | ||
|---|---|---|---|
| 003 | OSt | ||
| 005 | 20260223093919.0 | ||
| 008 | 210210b1935 xxu||||| |||| 00| 0 eng d | ||
| 040 | _cAL | ||
| 041 | _aeng | ||
| 082 | _a823.8 CONL | ||
| 100 |
_aJoseph Conrad _9256395 |
||
| 245 | _aLord Jim | ||
| 260 |
_aLondon _bEveryman's Library _c1935 |
||
| 300 | _axii,307p | ||
| 520 | _aThis compact novel, completed in 1900, as with so many of the great novels of the time, is at its baseline a book of the sea. An English boy in a simple town has dreams bigger than the outdoors and embarks at an early age into the sailor's life. The waters he travels reward him with the ability to explore the human spirit, while Joseph Conrad launches the story into both an exercise of his technical prowess and a delicately crafted picture of a character who reaches the status of a literary hero. | ||
| 690 |
_aEnglish Fiction _9256396 |
||
| 906 | _a029604 | ||
| 942 |
_2ddc _cBK |
||
| 999 |
_c80818 _d80818 |
||